The Impact of Online Travel Sites on Tourist Choices and Travel Services - On the example of the new trends in Hungarian outbound tourism

Bibliographic Details
Main Author: Vu Linh Van
Other Authors: Székely György
Format: Thesis
Kulcsszavak:online travel sites
e-tourism
ICT
hungarian outbound tourism
travel habits
Online Access:http://dolgozattar.uni-bge.hu/20545

MARC

LEADER 00000nta a2200000 i 4500
001 dolg20545
005 20190910150548.0
008 190507suuuu hu om 000 eng d
040 |a BGE Dolgozattár Repozitórium  |b hun 
041 |a en 
100 1 |a Vu Linh Van 
245 1 4 |a The Impact of Online Travel Sites on Tourist Choices and Travel Services - On the example of the new trends in Hungarian outbound tourism  |c Vu Linh Van  |h [elektronikus dokumentum] 
246 1 1 |a Az online utazási oldalak hatása az utazók választásaira és a szolgáltatásnyújtókra - a magyar kiutazó turizmus új trendjeinek példáján keresztül bemutatva 
695 |a online travel sites 
695 |a e-tourism 
695 |a ICT 
695 |a hungarian outbound tourism 
695 |a travel habits 
700 1 |a Székely György  |e ths 
856 4 0 |u http://dolgozattar.uni-bge.hu/20545/1/DISSERTATION_VuLinhVan.pdf  |z Dokumentum-elérés